Statistics for Districts of Paraguay on a Map

Click here to take the quiz!

General Stats

  • This quiz has been taken 55 times
  • The average score is 37 of 250

Answers on the Map

Answers color-coded by a green-red scale on the quiz's map according to % correct below.
 

Answer Stats

DistrictPopulation% Correct
Asunción522,287
100%
Ciudad del Este301,815
59%
Encarnación134,059
54%
Filadelfia19,071
51%
San Lorenzo257,530
51%
Villa Hayes49,956
51%
Lambaré179,800
49%
Luque277,301
49%
Itá80,441
46%
Capiatá236,828
43%
Fernando de la Mora176,943
43%
Limpio145,740
43%
Areguá75,858
41%
Concepción85,876
41%
Coronel Oviedo121,626
41%
Hernandarias79,690
41%
Itauguá109,203
41%
Pilar32,994
41%
Presidente Franco101,720
41%
Ñemby139,691
38%
San Antonio68,127
38%
Villa Elisa79,932
38%
Caaguazú124,870
35%
Caazapá26,502
35%
Mariano Roque Alonso103,759
35%
Paraguarí24,128
35%
Pedro Juan Caballero120,576
35%
San Bernardino12,100
35%
Villarrica73,388
35%
Fuerte Olimpo4,445
32%
Salto del Guairá37,627
32%
Caacupé56,864
30%
Altos14,536
27%
Ayolas18,812
27%
Minga Guazú89,129
27%
Nueva Italia12,506
27%
Ypacaraí27,835
27%
Ypané54,717
27%
Guarambaré37,555
24%
Mariscal Estigarribia29,391
24%
San Cosme y Damián10,151
24%
Carapeguá36,606
22%
Carmen del Paraná9,015
22%
Pirayú17,981
22%
San Juan Bautista23,523
22%
San Miguel5,990
22%
Santa Rita33,744
22%
Trinidad9,812
22%
Villeta40,161
22%
Yaguarón31,986
22%
Alberdi9,464
19%
Arroyos y Esteros25,313
19%
Cambyretá58,412
19%
Emboscada19,511
19%
Horqueta62,008
19%
Loma Plata17,111
19%
Nanawa5,985
19%
Piribebuy29,373
19%
San Juan Nepomuceno39,232
19%
San Pedro del Paraná33,914
19%
Atyrá17,105
16%
Bahía Negra2,506
16%
Belén13,014
16%
Bella Vista14,509
16%
Benjamín Aceval20,768
16%
Fram10,401
16%
La Colmena5,838
16%
Nueva Colombia3,916
16%
Nueva Germania7,059
16%
San Estanislao55,936
16%
Villa Oliva3,811
16%
Capitán Bado18,986
14%
Carayaó16,094
14%
Cerrito5,708
14%
Choré29,911
14%
Colonia Independencia27,429
14%
Coronel Bogado21,237
14%
Curuguaty56,634
14%
Hohenau15,444
14%
Humaitá3,098
14%
Itacurubí de la Cordillera11,157
14%
Iturbe9,132
14%
Obligado17,275
14%
Puerto Casado6,407
14%
Quiindy21,606
14%
San Ignacio Guazú34,107
14%
San José de los Arroyos20,003
14%
San Lázaro11,878
14%
Santa Rosa del Aguaray42,778
14%
Yguazú11,329
14%
Yuty22,956
14%
Abaí32,803
11%
Alto Verá18,071
11%
Bella Vista Norte17,309
11%
Borja10,261
11%
Caapucú8,476
11%
Capitán Meza14,431
11%
Caraguatay13,797
11%
Carmelo Peralta4,527
11%
Doctor Juan León Mallorquín22,460
11%
Escobar8,708
11%
Itacurubí del Rosario11,701
11%
Jesús6,411
11%
Liberación24,889
11%
Lima12,279
11%
Loreto18,791
11%
Mariscal Francisco Solano López7,153
11%
Mayor Otaño15,678
11%
Minga Porá15,041
11%
Naranjal6,077
11%
Nueva Londres5,059
11%
Paso de Patria2,145
11%
Puerto Pinasco10,999
11%
Raúl Arsenio Oviedo17,387
11%
Repatriación33,393
11%
San Cristóbal11,162
11%
San Joaquín18,106
11%
San Juan del Paraná9,838
11%
San Rafael del Paraná22,991
11%
Santa Rosa de Lima18,483
11%
Santa Rosa del Mbutuy13,125
11%
Santa Rosa del Monday7,491
11%
Santiago6,564
11%
Sapucai6,844
11%
Simón Bolívar6,351
11%
Tobatí33,099
11%
Villa del Rosario10,954
11%
Villa Florida3,640
11%
Yabebyry2,704
11%
Yatytay13,368
11%
Yby Yaú32,859
11%
Yhú35,023
11%
25 de Diciembre10,245
8%
Antequera4,258
8%
Azotey9,138
8%
Buena Vista6,252
8%
Capiibary48,144
8%
Capitán Miranda13,971
8%
Carlos Antonio López19,883
8%
Coronel Martínez6,982
8%
Corpus Christi9,984
8%
Doctor Cecilio Báez8,009
8%
Doctor Juan Eulogio Estigarribia38,481
8%
Doctor Juan Manuel Frutos24,894
8%
Edelira24,359
8%
Eusebio Ayala24,285
8%
Fulgencio Yegros6,927
8%
General Artigas13,211
8%
General Delgado8,065
8%
General Elizardo Aquino24,221
8%
General Higinio Morínigo6,334
8%
Guayaibí31,130
8%
Iruña6,253
8%
Isla Pucú8,032
8%
Itakyry38,577
8%
Itapé7,934
8%
Itapúa Poty16,996
8%
José Domingo Ocampos11,326
8%
José Falcón4,178
8%
Juan de Mena6,956
8%
Juan Emilio O'Leary26,370
8%
Katueté8,838
8%
La Paloma8,984
8%
Los Cedrales10,333
8%
Mbaracayú8,876
8%
Ñacunday9,524
8%
Natalio21,260
8%
Nueva Alborada7,910
8%
Nueva Esperanza12,923
8%
Paso Yobái27,138
8%
Pirapó9,336
8%
Primero de Marzo6,780
8%
Quyquyhó7,522
8%
R. I. Tres Corrales9,559
8%
San Alberto12,060
8%
San Pablo3,702
8%
San Pedro de Ycuamandyyú35,362
8%
San Roque González de Santa Cruz12,355
8%
Santa Fe del Paraná4,256
8%
Santa María de Fe8,952
8%
Sargento José Félix López7,163
8%
Tacuatí16,253
8%
Tavaí18,627
8%
Tebicuary3,199
8%
Tembiaporá14,760
8%
Teniente Primero Manuel Irala Fernández27,026
8%
Tomás Romero Pereira30,011
8%
Tres de Febrero10,071
8%
Tres de Mayo19,200
8%
Unión7,190
8%
Valenzuela7,094
8%
Vaquería11,917
8%
Yataity del Norte12,590
8%
Ypehú8,825
8%
Yrybucuá16,094
8%
Zanja Pytá7,900
8%
Acahay16,328
5%
Capitán Mauricio José Troche11,125
5%
Doctor Moisés Bertoni5,819
5%
Doctor Raúl Peña9,448
5%
Domingo Martínez de Irala5,734
5%
Félix Pérez Cardozo6,316
5%
General Bernardino Caballero7,305
5%
General Eugenio A. Garay8,552
5%
General Francisco Caballero Alvarez12,049
5%
General Francisco Isidoro Resquín25,263
5%
General José Maria Bruguez3,313
5%
José Fassardi6,991
5%
Julián Augusto Saldívar54,290
5%
Karapa'í4,843
5%
La Pastora5,363
5%
La Paz3,334
5%
Laureles3,526
5%
Maciel4,889
5%
Mbocayaty del Guairá8,823
5%
Mbuyapey14,658
5%
Paso Barreto4,173
5%
San Alfredo5,665
5%
San Carlos del Apa749
5%
San Juan Bautista del Ñeembucú5,926
5%
San Patricio3,742
5%
San Salvador2,966
5%
Santa Elena5,165
5%
Tavapy8,498
5%
Teniente Esteban Martínez3,432
5%
Villa Franca1,397
5%
Villa Ygatimí17,533
5%
Yasy Cañy27,701
5%
Ybycuí25,150
5%
Yby Pytá11,923
5%
Ybyrarobaná14,155
5%
Ybytimí7,449
5%
Desmochados1,799
3%
Doctor Botrell1,739
3%
General José Eduvigis Díaz4,041
3%
Guazú Cuá2,193
3%
Isla Umbú3,017
3%
Itanará3,381
3%
José Leandro Oviedo4,861
3%
Loma Grande3,566
3%
Mayor José Martínez4,263
3%
Mbocayaty del Yhaguy4,222
3%
Natalicio Talavera5,101
3%
Nueva Toledo5,163
3%
Ñumí3,492
3%
San José Obrero4,385
3%
Tacuaras3,928
3%
Tebicuarymí4,646
3%
Villalbín2,484
3%
Yataity del Guairá4,843
3%

Score Distribution

Percentile by Number Answered

Percent of People with Each Score

Your Score History

You have not taken this quiz